Fracture mechanics of ductile and tough materials and its applications to energy related structures : proceedings of the USA-Japan joint seminar held at Hyama, Japan, November 12-16, 1979 /

Bibliographic Details
Other Authors: Liu, H. W. (Hao Wen), 1926-
Format: Book
Language:English
Published: The Hague ; Boston : Martinus Nijhoff Publishers ; 1981.
Subjects:

MARC

Tag First Indicator Second Indicator Subfields
LEADER 00000pam a2200000 a 4500
001 in00000092138
005 20150923131921.0
008 811109s1981 ne a b 10000 eng
010 |a  81018831  
020 |a 9024725364 
035 |a (OCoLC)07976725 
035 |9 AAK7215AM 
039 0 |a 2  |b 3  |c 3  |d 3  |e 3 
040 |a DLC  |c DLC  |d TXA  |d UtOrBLW 
049 |a TXAM  |c [1633338] 
050 0 0 |a TA409  |b  F718 1981 
082 0 |a 620.1/126  |2 19 
245 0 0 |a Fracture mechanics of ductile and tough materials and its applications to energy related structures :  |b proceedings of the USA-Japan joint seminar held at Hyama, Japan, November 12-16, 1979 /  |c H.W. Liu [and others] (editors). 
264 1 |a The Hague ;  |a Boston :  |b Martinus Nijhoff Publishers ;  |c 1981. 
264 2 |a  Hingham, MA :  |b Distributors for the U.S. and Canada, Kluwer Boston, 
300 |a xix, 314 pages :  |b illustrations ;  |c 25 cm. 
336 |a text  |b txt  |2 rdacontent 
337 |a unmediated  |b n  |2 rdamedia 
338 |a volume  |b nc  |2 rdacarrier 
504 |a Includes bibliographical references. 
650 0 |a Fracture mechanics  |v Congresses. 
650 0 |a Structural analysis (Engineering)  |v Congresses. 
700 1 |a Liu, H. W.  |q (Hao Wen),  |d 1926- 
999 |a MARS 
999 f f |s d46916e6-9949-3ef6-8739-0f3cb15de94a  |i c7016ba9-b19b-37bc-9726-4c35a6cd7fe7  |t 0 
952 f f |p ric  |a Texas A&M University  |b Rellis Campus  |c Joint Library Facility  |d Remote Storage  |t 0  |e TA409 F718 1981  |h Library of Congress classification  |i unmediated -- volume  |m A14806005398 
998 f f |a TA409 F718 1981  |t 0  |l Remote Storage